<?xml version="1.0" encoding="UTF-8"?>
<record
    xmlns:xsi="http://www.w3.org/2001/XMLSchema-instance"
    xsi:schemaLocation="http://www.loc.gov/MARC21/slim http://www.loc.gov/standards/marcxml/schema/MARC21slim.xsd"
    xmlns="http://www.loc.gov/MARC21/slim">

  <leader>01971nam a2200325 i 4500</leader>
  <controlfield tag="003">EG-ScBUE</controlfield>
  <controlfield tag="005">20240117120446.0</controlfield>
  <controlfield tag="008">190307s2019    ua a   f b    000 0 ara d</controlfield>
  <datafield tag="017" ind1=" " ind2=" ">
    <subfield code="a">2018 / 23283</subfield>
  </datafield>
  <datafield tag="040" ind1=" " ind2=" ">
    <subfield code="a">EG-ScBUE</subfield>
    <subfield code="b">ara</subfield>
    <subfield code="e">rda</subfield>
    <subfield code="c">EG-ScBUE</subfield>
    <subfield code="d">EG-ScBUE</subfield>
  </datafield>
  <datafield tag="043" ind1=" " ind2=" ">
    <subfield code="a">f-ua---</subfield>
  </datafield>
  <datafield tag="082" ind1="0" ind2="4">
    <subfield code="a">962.04</subfield>
    <subfield code="b">&#x645; &#x624; &#x646;</subfield>
    <subfield code="2">22</subfield>
  </datafield>
  <datafield tag="100" ind1="1" ind2=" ">
    <subfield code="a">&#x645;&#x624;&#x646;&#x633;&#x60C; &#x62D;&#x633;&#x64A;&#x646;&#x60C;</subfield>
    <subfield code="e">&#x645;&#x624;&#x644;&#x641;.</subfield>
  </datafield>
  <datafield tag="245" ind1="1" ind2="0">
    <subfield code="a">&#x62F;&#x631;&#x627;&#x633;&#x627;&#x62A; &#x641;&#x64A; &#x62B;&#x648;&#x631;&#x629; 1919 /</subfield>
    <subfield code="c">&#x62F;&#x643;&#x62A;&#x648;&#x631; &#x62D;&#x633;&#x64A;&#x646; &#x645;&#x624;&#x646;&#x633;.</subfield>
  </datafield>
  <datafield tag="264" ind1=" " ind2="1">
    <subfield code="a">&#x627;&#x644;&#x642;&#x627;&#x647;&#x631;&#x629; :</subfield>
    <subfield code="b">&#x627;&#x644;&#x647;&#x64A;&#x626;&#x629; &#x627;&#x644;&#x639;&#x627;&#x645;&#x629; &#x644;&#x642;&#x635;&#x648;&#x631; &#x627;&#x644;&#x62B;&#x642;&#x627;&#x641;&#x629;&#x60C;</subfield>
    <subfield code="c">2019.</subfield>
  </datafield>
  <datafield tag="300" ind1=" " ind2=" ">
    <subfield code="a">375 &#x635;&#x641;&#x62D;&#x629; &#x61B;</subfield>
    <subfield code="c">24 &#x633;&#x645;.</subfield>
  </datafield>
  <datafield tag="336" ind1=" " ind2=" ">
    <subfield code="2">rdacontent</subfield>
    <subfield code="a">&#x646;&#x635;</subfield>
    <subfield code="b">txt</subfield>
  </datafield>
  <datafield tag="337" ind1=" " ind2=" ">
    <subfield code="a">&#x628;&#x62F;&#x648;&#x646; &#x648;&#x633;&#x64A;&#x637;</subfield>
    <subfield code="2">rdamedia</subfield>
    <subfield code="b">n</subfield>
  </datafield>
  <datafield tag="338" ind1=" " ind2=" ">
    <subfield code="a">&#x645;&#x62C;&#x644;&#x62F;</subfield>
    <subfield code="b">nc</subfield>
    <subfield code="2">rdacarrier</subfield>
  </datafield>
  <datafield tag="490" ind1="0" ind2=" ">
    <subfield code="a">&#x630;&#x627;&#x643;&#x631;&#x629; &#x627;&#x644;&#x643;&#x62A;&#x627;&#x628;&#x629; &#x61B;</subfield>
    <subfield code="v">210</subfield>
  </datafield>
  <datafield tag="504" ind1=" " ind2=" ">
    <subfield code="a">&#x64A;&#x634;&#x62A;&#x645;&#x644; &#x639;&#x644;&#x649; &#x625;&#x631;&#x62C;&#x627;&#x639;&#x627;&#x62A; &#x628;&#x628;&#x644;&#x64A;&#x648;&#x62C;&#x631;&#x627;&#x641;&#x64A;&#x629;.</subfield>
  </datafield>
  <datafield tag="520" ind1=" " ind2=" ">
    <subfield code="a">&#x64A;&#x62A;&#x646;&#x627;&#x648;&#x644; &#x627;&#x644;&#x643;&#x62A;&#x627;&#x628; &#x645;&#x631;&#x62D;&#x644;&#x629; &#x645;&#x647;&#x645;&#x629; &#x641;&#x649; &#x62A;&#x627;&#x631;&#x64A;&#x62E; &#x645;&#x635;&#x631;&#x60C; &#x648;&#x647;&#x649; &#x62B;&#x648;&#x631;&#x629; 1919&#x60C; &#x648;&#x62A;&#x645;&#x64A;&#x632; &#x627;&#x644;&#x643;&#x62A;&#x627;&#x628; &#x628;&#x623;&#x646;&#x647; &#x64A;&#x642;&#x62F;&#x645; &#x645;&#x639;&#x627;&#x644;&#x62C;&#x629; &#x62C;&#x62F;&#x64A;&#x62F;&#x629; &#x644;&#x644;&#x62B;&#x648;&#x631;&#x629;&#x60C; &#x648;&#x64A;&#x628;&#x62F;&#x623; &#x627;&#x644;&#x641;&#x635;&#x644; &#x627;&#x644;&#x623;&#x648;&#x644; &#x645;&#x646; &#x627;&#x644;&#x643;&#x62A;&#x627;&#x628; &#x628;&#x62A;&#x646;&#x627;&#x648;&#x644; &#x62C;&#x64A;&#x644; &#x62B;&#x648;&#x631;&#x629; 1919 &#x648;&#x62F;&#x648;&#x631; &#x641;&#x626;&#x627;&#x62A; &#x627;&#x644;&#x634;&#x639;&#x628; &#x627;&#x644;&#x645;&#x635;&#x631;&#x649; &#x641;&#x649; &#x623;&#x62D;&#x62F;&#x627;&#x62B; &#x627;&#x644;&#x62B;&#x648;&#x631;&#x629;&#x60C; &#x62B;&#x645; &#x641;&#x649; &#x627;&#x644;&#x641;&#x635;&#x644; &#x627;&#x644;&#x62B;&#x627;&#x646;&#x649; &#x64A;&#x642;&#x62F;&#x645; &#x627;&#x644;&#x643;&#x62A;&#x627;&#x628; &#x627;&#x644;&#x641;&#x62F;&#x627;&#x626;&#x64A;&#x648;&#x646; &#x627;&#x644;&#x645;&#x635;&#x631;&#x64A;&#x648;&#x646; &#x648;&#x62F;&#x648;&#x631; &#x627;&#x644;&#x634;&#x628;&#x627;&#x628; &#x627;&#x644;&#x645;&#x635;&#x631;&#x649; &#x641;&#x649; &#x627;&#x644;&#x62B;&#x648;&#x631;&#x629;&#x60C; &#x648;&#x64A;&#x62E;&#x635;&#x635; &#x627;&#x644;&#x641;&#x635;&#x644; &#x627;&#x644;&#x62B;&#x627;&#x644;&#x62B; &#x644;&#x644;&#x62D;&#x62F;&#x64A;&#x62B; &#x639;&#x646; &#x62F;&#x648;&#x631; &#x627;&#x644;&#x623;&#x642;&#x628;&#x627;&#x637; &#x641;&#x649; &#x62B;&#x648;&#x631;&#x629; 1919 &#x648;&#x643;&#x64A;&#x641; &#x627;&#x62A;&#x62D;&#x62F; &#x627;&#x644;&#x645;&#x633;&#x644;&#x645;&#x648;&#x646; &#x648;&#x627;&#x644;&#x645;&#x633;&#x64A;&#x62D;&#x64A;&#x648;&#x646; &#x641;&#x649; &#x647;&#x630;&#x647; &#x627;&#x644;&#x62B;&#x648;&#x631;&#x629; &#x648;&#x627;&#x644;&#x641;&#x635;&#x644; &#x627;&#x644;&#x623;&#x62E;&#x64A;&#x631; &#x64A;&#x62A;&#x646;&#x627;&#x648;&#x644; &#x623;&#x62D;&#x62F;&#x627;&#x62B; &#x645;&#x627; &#x628;&#x639;&#x62F; &#x627;&#x644;&#x62B;&#x648;&#x631;&#x629; &#x62D;&#x64A;&#x62B; &#x64A;&#x62E;&#x635;&#x635; &#x644;&#x62A;&#x635;&#x631;&#x64A;&#x62D; 28 &#x641;&#x628;&#x631;&#x627;&#x64A;&#x631; 1922 &#x648;&#x64A;&#x648;&#x636;&#x62D; &#x643;&#x64A;&#x641; &#x643;&#x627;&#x646; &#x627;&#x633;&#x62A;&#x642;&#x644;&#x627;&#x644; &#x648;&#x647;&#x645;&#x649; &#x644;&#x645;&#x635;&#x631;.</subfield>
  </datafield>
  <datafield tag="600" ind1="1" ind2="7">
    <subfield code="a">&#x632;&#x63A;&#x644;&#x648;&#x644;&#x60C; &#x633;&#x639;&#x62F;&#x60C;</subfield>
    <subfield code="d">1857-1927.</subfield>
    <subfield code="2">BUEsh</subfield>
  </datafield>
  <datafield tag="650" ind1=" " ind2=" ">
    <subfield code="2">BUEsh</subfield>
  </datafield>
  <datafield tag="651" ind1=" " ind2="7">
    <subfield code="a">&#x645;&#x635;&#x631;</subfield>
    <subfield code="x">&#x62A;&#x627;&#x631;&#x64A;&#x62E;</subfield>
    <subfield code="y">&#x62B;&#x648;&#x631;&#x629; 1919 &#x645;.</subfield>
    <subfield code="2">BUEsh</subfield>
  </datafield>
  <datafield tag="651" ind1=" " ind2="7">
    <subfield code="a">&#x645;&#x635;&#x631;</subfield>
    <subfield code="x">&#x623;&#x62D;&#x648;&#x627;&#x644; &#x633;&#x64A;&#x627;&#x633;&#x64A;&#x629;</subfield>
    <subfield code="y">&#x62B;&#x648;&#x631;&#x629; 1919 &#x645;.</subfield>
    <subfield code="2">BUEsh</subfield>
  </datafield>
  <datafield tag="653" ind1=" " ind2=" ">
    <subfield code="b">BUSBOL</subfield>
    <subfield code="c">March2019</subfield>
  </datafield>
  <datafield tag="655" ind1=" " ind2=" ">
    <subfield code="v">Reading book</subfield>
  </datafield>
  <datafield tag="942" ind1=" " ind2=" ">
    <subfield code="2">ddc</subfield>
  </datafield>
  <datafield tag="999" ind1=" " ind2=" ">
    <subfield code="c">27216</subfield>
    <subfield code="d">27187</subfield>
  </datafield>
  <datafield tag="952" ind1=" " ind2=" ">
    <subfield code="0">0</subfield>
    <subfield code="1">0</subfield>
    <subfield code="2">ddc</subfield>
    <subfield code="4">0</subfield>
    <subfield code="7">0</subfield>
    <subfield code="8">&#x647;&#x64A;&#x626;&#x629;&#x639;.&#x642;.&#x62B;</subfield>
    <subfield code="a">MAIN</subfield>
    <subfield code="b">MAIN</subfield>
    <subfield code="c">2ND</subfield>
    <subfield code="d">2019-03-07</subfield>
    <subfield code="e">Purchase</subfield>
    <subfield code="g">10.00</subfield>
    <subfield code="h">4184</subfield>
    <subfield code="o">962.04 &#x645; &#x624; &#x646;</subfield>
    <subfield code="p">000044337</subfield>
    <subfield code="r">2025-07-15 00:00:00</subfield>
    <subfield code="v">12.50</subfield>
    <subfield code="y">NB</subfield>
  </datafield>
  <datafield tag="952" ind1=" " ind2=" ">
    <subfield code="0">0</subfield>
    <subfield code="1">0</subfield>
    <subfield code="2">ddc</subfield>
    <subfield code="4">0</subfield>
    <subfield code="7">0</subfield>
    <subfield code="8">&#x647;&#x64A;&#x626;&#x629;&#x639;.&#x642;.&#x62B;</subfield>
    <subfield code="a">MAIN</subfield>
    <subfield code="b">MAIN</subfield>
    <subfield code="c">2ND</subfield>
    <subfield code="d">2019-03-07</subfield>
    <subfield code="e">Purchase</subfield>
    <subfield code="g">10.00</subfield>
    <subfield code="h">4184</subfield>
    <subfield code="o">962.04 &#x645; &#x624; &#x646;</subfield>
    <subfield code="p">000044338</subfield>
    <subfield code="r">2025-07-15 00:00:00</subfield>
    <subfield code="v">12.50</subfield>
    <subfield code="y">BB</subfield>
  </datafield>
</record>
